00576nam a22001457a 450008200140000010000190001424500570003326000560009030000080014665000250015494200080017995201130018795201130030099900170041300a211.6 FRA aFraser, Balaji aIndia Muslim Preference for the Secular State....... aUsabLuther Northwestern Theological Seminaryc1999 a132 aSecularism and Islam cRRB 00104070aHMIbHMId2017-03-29eFraser, Balajig100.00l0o211.6 FRAp11-950r0000-00-00w2026-01-16yRRB 00104070aHMIbHMId2017-03-29eFraser, Balajig100.00l0o211.6 FRAp11-951r0000-00-00w2026-01-16yRRB c18768d18768